Statistics for Chicago Skyline Picture Quiz #3

Click here to take the quiz!

General Stats

  • This quiz has been taken 14 times
  • The average score is 6 of 16

Answer Stats

Answer% Correct
Cloud Gate (The Bean)
100%
Wrigley Building
100%
Art Institute of Chicago Building
80%
Chicago Water Tower
80%
77 West Wacker Drive (United Building)
40%
900 North Michigan
40%
Metropolitan Correctional Center, Chicago
40%
Sullivan Center
40%
James R. Thompson Center
20%
Mid-Continental Plaza
20%
One Bennett Park
20%
Park Tower
20%
Rookery Building
20%
300 North LaSalle
0%
Grant Thornton Tower (Chicago Title Tower)
0%
Leo Burnett Building
0%

Score Distribution

Percentile by Number Answered

Percent of People with Each Score

Your Score History

You have not taken this quiz